Lynden Pindling International Airport Destinations (Nassau, Bahamas) - Statistics

General Stats
  • This quiz has been taken 78 times
    15 since last reset
  • The average score is 33 of 59
Answer Stats
Airline Destination % Correct
Delta Air Lines/Frontier Airlines Atlanta
100%
Delta Air Lines/JetBlue Boston
100%
American Airlines/United Airlines Chicago (O'Hare)
100%
American Airlines Dallas/Fort Worth
100%
United Airlines/United Express Houston (Intercontinental)
100%
JetBlue Los Angeles
100%
American Airlines/American Eagle/Bahamasair Miami
100%
Air Canada/Porter Airlines Montréal (Trudeau)
100%
Delta Air Lines/JetBlue New York (JFK)
100%
Delta Air Lines New York (LaGuardia)
100%
American Airlines/American Eagle Philadelphia
100%
Air Canada/Porter Airlines/WestJet Toronto (Pearson)
100%
United Airlines Washington (Dulles)
100%
American Airlines/American Eagle/JetBlue Washington (National)
100%
American Airlines Charlotte
92%
Delta Air Lines Detroit
92%
British Airways/Virgin Atlantic London (Heathrow)
92%
United Airlines Newark
92%
Air Canada/Porter Airlines Ottawa
92%
Copa Airlines Panama City (Tocumen)
92%
United Airlines Denver
85%
Air Canada Halifax
85%
Caribbean Airlines Kingston (Norman Manley)
85%
Delta Air Lines Minneapolis/St. Paul
85%
Bahamasair/JetBlue/Southwest Airlines Orlando
85%
Alaska Airlines Seattle/Tacoma
85%
Southwest Airlines Baltimore
77%
WestJet Calgary
77%
Bahamasair Havana
77%
Bahamasair Montego Bay
77%
Breeze Airways Tampa
77%
Bahamasair/JetBlue/Western Air Fort Lauderdale
69%
British Airways Grand Cayman
69%
Bahamasair/British Airways/InterCaribbean Airways Providenciales
54%
Bahamasair/Western Air Freeport
46%
Bahamasair/Western Air George Town
46%
Bahamasair San Salvador (Bahamas)
38%
Bahamasair/Pineapple Air/Southern Air Charter Governor's Harbour
23%
Bahamasair/Western Air Marsh Harbour
23%
Bahamasair/Pineapple Air/Southern Air Charter North Eleuthera
23%
Bahamasair Cap-Haïtien
8%
Western Air San Andros
8%
Western Air South Bimini
8%
LeAir Andros Town
0%
Flamingo Air Black Point
0%
Bahamasair Colonel Hill
0%
Western Air Congo Town
0%
Bahamasair/Southern Air Charter Deadman's Cay
0%
Southern Air Charter Duncan Town
0%
Bahamasair/Flamingo Air/LeAir Great Harbour Cay
0%
Flamingo Air/LeAir Mangrove Cay
0%
Bahamasair Matthew Town
0%
Bahamasair Mayaguana
0%
Western Air New Bight
0%
Southern Air Charter Port Nelson
0%
Bahamasair Rock Sound
0%
Bahamasair Spring Point
0%
Flamingo Air Staniel Cay
0%
Bahamasair/Southern Air Charter Stella Maris
0%
No matching quizzes found
Score Distribution
Percent of People with Each Score
Percentile by Number Answered
Your Score History
You have not taken this quiz since the last reset